|
|
|
|
| LEADER |
00000nam a2200000 a 4500 |
| 001 |
UCQ2854 |
| 003 |
CL-VaPUC |
| 008 |
980731e19390000AG |||||||||||||||||spa|d |
| 082 |
0 |
4 |
|a 862
|b VEG
|2 21
|
| 100 |
0 |
|
|a Vega, Lope de
|e author
|9 319628
|
| 245 |
1 |
3 |
|a La Dorotea: drama en 5 actos
|
| 300 |
|
|
|a 198 p
|
| 942 |
|
|
|c BK
|
| 945 |
|
|
|d 19980731 00:00:00
|a lriquelm
|
| 260 |
|
|
|a Buenos Aires
|b Araujo
|c 1939
|
| 650 |
|
0 |
|a Dramas españoles
|9 267081
|
| 650 |
|
0 |
|a Literatura española
|9 306261
|
| 583 |
|
|
|a last modification
|c 19980731 00:00:00
|k Rodrigo Vera
|
| 999 |
|
|
|c 273615
|d 273613
|
| 952 |
|
|
|0 0
|1 0
|4 0
|6 862_000000000000000_VEG_1939
|7 0
|8 A
|9 309378
|a BIBEDU
|b BIBEDU
|d 2019-11-20
|i 1450476
|o 862 VEG 1939
|p 1450476
|r 2019-11-20
|w 2019-11-20
|y BK
|k LIT
|